LEADER 01226nam0-22003611i-450- 001 990004600520403321 005 20100406120117.0 035 $a000460052 035 $aFED01000460052 035 $a(Aleph)000460052FED01 035 $a000460052 100 $a19990604d1958----km-y0itay50------ba 101 1 $aita 105 $ay-------001yy 200 1 $aGioventù lavoratrice di ieri e di oggi$fH. Kluth, V. Lohmar, R. Tartler$gricerche sociologiche presentate e pubblicate a cura di Helmut Schelsky 210 $aRoma$cAvio$aArmando$d1958 215 $a416 p.$d21 cm 225 1 $a<>problemi della pedagogia$v24 300 $atraduzione di Angela Silvestrelli 454 0$12001$aArbeiterjugend gestern und heute$926803 610 0 $aLavoratori giovani$aContesto sociale$aGermania occidentale 676 $a331.340943 700 1$aKluth,$bHeinz$g$0200840 702 1$aLohmar,$bUlrich$g 702 1$aSchelsky,$bHelmut$gHelmut 702 1$aTartler,$bRudolf$g 801 0$aIT$bUNINA$gRICA$2UNIMARC 901 $aBK 912 $a990004600520403321 952 $a331.34 KLU 1$bBibl.34495$fFLFBC 959 $aFLFBC 996 $aArbeiterjugend gestern und heute$926803 997 $aUNINA